| 000 -LEADER |
| fixed length control field |
00812nam a22001217a 4500 |
| 040 ## - CATALOGING SOURCE |
| Transcribing agency |
RUA |
| 082 ## - DEWEY DECIMAL CLASSIFICATION NUMBER |
| Classification number |
VEM SO 2014 B435 O.1 |
| 100 ## - MAIN ENTRY--AUTHOR NAME |
| Personal name |
SO CHANDET; សូ ច័ន្ទ |
| 245 ## - TITLE STATEMENT |
| Title |
Study on prevalence and efficiency of anti-parasites on gastro-intestinal tract of cattle in roleaphear district, kampong chhnang province, ការសិក្សាពីកម្រិតរាលដាល និងប្រសិទ្ធភាពឪសថចំពោះការទម្លាក់បរាសិតក្នុងក្រពះពោះវៀនគោនៅស្រុករលាប្អៀរ ខេត្តកំពង់ឆ្នាំង |
| 300 ## - PHYSICAL DESCRIPTION |
| Number of Pages |
x,40p. |
| Other physical details |
ill. |
| Dimensions |
29cm. |
| 856 ## - ELECTRONIC LOCATION AND ACCESS |
| Uniform Resource Identifier |
https://drive.google.com/file/d/1W1bOctmcMR8unW7tBYsoz2FBLVkTD-Dp/view?usp=sharing |
| 942 ## - ADDED ENTRY ELEMENTS (KOHA) |
| Koha item type |
VEM |
| 952 ## - LOCATION AND ITEM INFORMATION (KOHA) |
| Withdrawn status [LOCAL, KOHA] |
0 |
| 952 ## - LOCATION AND ITEM INFORMATION (KOHA) |
| Withdrawn status [LOCAL, KOHA] |
0 |
| 952 ## - LOCATION AND ITEM INFORMATION (KOHA) |
| Withdrawn status [LOCAL, KOHA] |
0 |
| 952 ## - LOCATION AND ITEM INFORMATION (KOHA) |
| Withdrawn status [LOCAL, KOHA] |
0 |
| 952 ## - LOCATION AND ITEM INFORMATION (KOHA) |
| Withdrawn status [LOCAL, KOHA] |
0 |
| 952 ## - LOCATION AND ITEM INFORMATION (KOHA) |
| Withdrawn status [LOCAL, KOHA] |
0 |
| 952 ## - LOCATION AND ITEM INFORMATION (KOHA) |
| Withdrawn status [LOCAL, KOHA] |
0 |
| 952 ## - LOCATION AND ITEM INFORMATION (KOHA) |
| Withdrawn status [LOCAL, KOHA] |
0 |
| 952 ## - LOCATION AND ITEM INFORMATION (KOHA) |
| Withdrawn status [LOCAL, KOHA] |
0 |
| 952 ## - LOCATION AND ITEM INFORMATION (KOHA) |
| Withdrawn status [LOCAL, KOHA] |
0 |